|
|
|
|
| LEADER |
00000cas a2200000 a 4500 |
| 001 |
vtls011580873 |
| 003 |
SK-MaSNL |
| 005 |
20260228162347.0 |
| 008 |
160922c20169999xo fr p r 001 b0slo |
| 022 |
|
|
|a 2453-8973
|
| 040 |
|
|
|a SVKPO
|b slo
|c SVKPO
|d SVKBB
|d SNK
|e AACR2
|
| 041 |
0 |
|
|a slo
|
| 044 |
|
|
|a xo
|c SK
|
| 072 |
|
7 |
|a 615
|x Farmácia. Farmakológia
|2 konspekt
|
| 080 |
|
|
|a 615.1
|2 2011
|
| 080 |
|
|
|a 615.011/.099
|2 2011
|
| 080 |
|
|
|a 615.15
|2 2001
|
| 080 |
|
|
|a 050
|2 2001
|
| 080 |
|
|
|a (051)-027.561
|2 2011
|
| 210 |
0 |
|
|a Slov. lek.
|b (Bratisl., 2016)
|
| 222 |
|
0 |
|a Slovenský lekárnik
|b (Bratislava. 2016)
|
| 245 |
0 |
0 |
|a Slovenský lekárnik
|b odborný časopis slovenského lekárnictva
|
| 260 |
|
|
|a Bratislava
|b Slovenská lekárnická komora
|c 2016-
|
| 300 |
|
|
|a zv.
|c 28 cm
|
| 310 |
|
|
|a 2x ročne
|
| 362 |
0 |
|
|a Roč. I, č. 1 (2016)-
|
| 500 |
|
|
|a Obnovené vydávanie Slovenského lekárnika z r. 1931, ISSN 1210-1656
|
| 500 |
|
|
|a Evidenčné číslo: EV 5412/16
|
| 500 |
|
|
|a Šéfred.: 2016- , Peter Krajčovič
|
| 500 |
|
|
|a V r. 2016 vyšlo len č. 1
|
| 504 |
|
|
|a Bibliogr.
|
| 650 |
0 |
7 |
|a farmácia
|2 SNKPH
|9 2467
|
| 650 |
0 |
7 |
|a farmakológia
|2 SNKPH
|9 2468
|
| 650 |
0 |
7 |
|a lekárnici
|2 SNKPH
|9 17741
|
| 655 |
|
7 |
|a odborné časopisy
|2 SNKPH
|9 70505
|
| 700 |
1 |
|
|a Krajčovič, Peter
|4 pbd
|9 270864
|
| 852 |
|
|
|a Štátna vedecká knižnica v Banskej Bystrici
|
| 910 |
|
|
|a snk
|
| 916 |
|
|
|a 2016-2019, 2020, 2021
|
| 999 |
|
|
|c 7698
|d 9628
|
| 952 |
|
|
|0 0
|1 0
|4 0
|7 0
|8 0
|a SNK
|b SNK
|d 2023-02-21
|f 1
|i snk2023/3085
|l 0
|o snkČSB 7510/6/2021
|p 17A1519916
|r 2026-02-21 20:03:03
|t č. 1-2
|w 2026-02-21
|y PREZ
|
| 952 |
|
|
|0 0
|1 0
|4 0
|7 0
|8 0
|a SNK
|b SNK
|d 2023-03-24
|i snk2023/5078
|l 0
|o snkČSB 7510/6/2021 D1
|p 17A1465743
|r 2026-02-21 20:11:21
|t č. 1-2
|w 2026-02-21
|y PREZ
|
| 952 |
|
|
|0 0
|1 0
|4 0
|7 0
|8 0
|a SNK
|b SNK
|d 2023-02-17
|i snk2023/2940
|l 0
|o snkČSB 7510/4/2019 D1
|p 17A1519774
|r 2026-02-21 20:12:11
|t č. 1-2
|w 2026-02-21
|y PREZ
|
| 952 |
|
|
|0 0
|1 0
|4 0
|7 0
|8 0
|a SNK
|b SNK
|d 2023-02-17
|i snk2023/2943
|l 0
|o snkČSB 7510/5/2020 D1
|p 17A1519775
|r 2026-02-21 20:12:11
|t č. 1-2
|w 2026-02-21
|y PREZ
|
| 952 |
|
|
|0 0
|1 0
|4 0
|7 0
|8 0
|a SNK
|b SNK
|d 2021-07-06
|f 1
|i snk2021/8180
|l 0
|o snkČSB 7510/5/2020
|p 17A1435037
|r 2026-02-21 21:21:33
|t č. 1-2
|w 2026-02-21
|y PREZ
|
| 952 |
|
|
|0 0
|1 0
|4 0
|7 0
|8 0
|a SNK
|b SNK
|d 2020-05-18
|f 1
|i snk2020/7714
|l 0
|o snkČSB 7510/1/2016
|p 17A1387226
|r 2026-02-21 21:53:16
|t č. 1
|w 2026-02-21
|y PREZ
|
| 952 |
|
|
|0 0
|1 0
|4 0
|7 0
|8 0
|a SNK
|b SNK
|d 2020-05-18
|i snk2020/7717
|l 0
|o snkČSB 7510/1/2016 D1
|p 17A1387225
|r 2026-02-21 21:53:16
|t č. 1
|w 2026-02-21
|y PREZ
|
| 952 |
|
|
|0 0
|1 0
|4 0
|7 0
|8 0
|a SNK
|b SNK
|d 2020-05-18
|f 1
|i snk2020/7722
|l 0
|o snkČSB 7510/2/2017
|p 17A1387224
|r 2026-02-21 21:53:16
|t č. 1-2
|w 2026-02-21
|y PREZ
|
| 952 |
|
|
|0 0
|1 0
|4 0
|7 0
|8 0
|a SNK
|b SNK
|d 2020-05-18
|i snk2020/7728
|l 0
|o snkČSB 7510/2/2017 D1
|p 17A1387223
|r 2026-02-21 21:53:17
|t č. 1-2
|w 2026-02-21
|y PREZ
|
| 952 |
|
|
|0 0
|1 0
|4 0
|7 0
|8 0
|a SNK
|b SNK
|d 2020-05-18
|i snk2020/7730
|l 0
|o snkČSB 7510/3/2018 D1
|p 17A1387222
|r 2026-02-21 21:53:17
|t č. 1-2
|w 2026-02-21
|y PREZ
|
| 952 |
|
|
|0 0
|1 0
|4 0
|7 0
|8 0
|a SNK
|b SNK
|d 2020-05-18
|f 1
|i snk2020/7738
|l 0
|o snkČSB 7510/3/2018
|p 17A1387221
|r 2026-02-21 21:53:17
|t č. 1-2
|w 2026-02-21
|y PREZ
|
| 952 |
|
|
|0 0
|1 0
|4 0
|7 0
|8 0
|a SNK
|b SNK
|d 2020-05-18
|f 1
|i snk2020/7741
|l 0
|o snkČSB 7510/4/2019
|p 17A1388155
|r 2026-02-21 21:53:17
|t č. 1-2
|w 2026-02-21
|y PREZ
|